000 02218nem2a2200337 4500
001 RU\NLR\BIBL_A\022084717
005 20231227132742.0
010 _a978-5-00193-300-7
_9100
035 _a(NLR Aleph) 022084717
090 _a12699261
_c12699261
100 _a20231129d2021 m||y0rusy50 ca
101 0 _arus
102 _aRU
120 _abyyy xx||
123 1 _aa
_b1000000
200 1 _aL-37 Ростов-на-Дону
_bКарты
_fИсп. работ: АО «Южморгеология», АО «Северо-Кавказское ПГО», ФГБУ «ВСЕГЕИ»
_gГл. науч. ред. В.А. Снежко
206 _a1:1 000 000
210 _aСанкт-Петербург
_cВСЕГЕИ
_d2021
215 _a3 к. (4 л.)
_cцв., табл., профили
_d65х98 см и др., в кор. 25х17 см
_e2 электрон. опт. диска (CD-ROM); 12 см
225 1 _aСерия Скифская
300 _aКарты: Карта закономерностей размещения и прогноза полезных ископаемых; Карта прогноза на нефть и газ; Литологическая карта поверхности дна акватории
461 0 _1001RU\NLR\BIBL_A\012660634
_12001#$aГосударственная геологическая карта Российской Федерации
_912754783
_cСанкт-Петербург
_d2019-2022
_e3-е поколение
_fОформл. и отпеч. на картогр. ф-ке ВСЕГЕИ
_nВСЕГЕИ
_p...компл
_tГосударственная геологическая карта Российской Федерации: Карты
509 0 1 _7ca
_aРоссия
_cюго-вост. часть
_gЕвропейская
_92637663
_3RU\NLR\AUTH\5506690
606 1 _aЛитология
_jКарты
_91508580
_3RU\NLR\AUTH\66654609
607 _aРоссия
_jКарты
_yЕвропейская часть
_yЮг
_92411685
_3RU\NLR\AUTH\6601655982
608 _aКарты полезных ископаемых
_92327007
_3RU\NLR\AUTH\661391795
702 1 _aСнежко
_bВ. А.
_4340
852 _aNLR
_bК
_j4-Союз 6/5000
_m23-204
942 _cMAP
980 _aNB